DAI語で市町村(東北) - Statistics

General Stats
  • This quiz has been taken 37 times
  • The average score is 106 of 227
Answer Stats
都道府県名 DAI語 答え % Correct
福島県 AIDBnG 会津坂下町
92%
福島県 AIDMST 会津美里町
88%
福島県 AIDWKMT 会津若松市
88%
青森県 AOMR 青森市
88%
秋田県 AKT 秋田市
79%
福島県 BnDI 磐梯町
71%
山形県 IID 飯豊町
71%
山形県 ASH 朝日町
67%
青森県 AZGSW 鰺ヶ沢町
67%
秋田県 IKW 井川町
67%
青森県 IMBT 今別町
67%
福島県 ISKW 石川町
67%
宮城県 ISNMK 石巻市
67%
岩手県 ITNH 一戸町
67%
岩手県 ITNSK 一関市
67%
青森県 ITYNG 板柳町
67%
岩手県 IWIZM 岩泉町
67%
宮城県 KM 加美町
67%
宮城県 KRHR 栗原市
67%
青森県 KRIS 黒石市
67%
宮城県 KSnNM 気仙沼市
67%
福島県 ASKW 浅川町
63%
岩手県 HDI 普代村
63%
青森県 HGSDOR 東通村
63%
秋田県 HGSNRS 東成瀬村
63%
秋田県 HZST 藤里町
63%
福島県 IITT 飯舘村
63%
福島県 INWSR 猪苗代町
63%
福島県 IWK いわき市
63%
宮城県 IWNM 岩沼市
63%
宮城県 KKD 角田市
63%
岩手県 KNGSK 金ケ崎町
63%
岩手県 KRMI 軽米町
63%
秋田県 KTAKT 北秋田市
63%
秋田県 KTGM 潟上市
63%
福島県 KTKT 喜多方市
63%
秋田県 DISn 大仙市
58%
青森県 GNH 五戸町
58%
福島県 HKSM 福島市
58%
青森県 INKDT 田舎館村
58%
岩手県 IWT 岩手町
58%
秋田県 KDN 鹿角市
58%
福島県 KGMIS 鏡石町
58%
山形県 KMNYM 上山市
58%
福島県 KOR 桑折町
58%
福島県 KORYM 郡山市
58%
秋田県 KSK 小坂町
58%
岩手県 KTKM 北上市
58%
宮城県 KWSK 川崎町
58%
福島県 MNMAID 南会津町
58%
福島県 MNMSUM 南相馬市
58%
福島県 DT 伊達市
54%
青森県 GSyGWR 五所川原市
54%
宮城県 HGSMTSM 東松島市
54%
山形県 HGSN 東根市
54%
岩手県 HTMnTI 八幡平市
54%
秋田県 HTRUGT 八郎潟町
54%
福島県 IZMZK 泉崎村
54%
岩手県 KMIS 釜石市
54%
秋田県 KMKAN 上小阿仁村
54%
山形県 | 福島県 KNYM 金山町
54%
福島県 KTRO 葛尾村
54%
福島県 KWMT 川俣町
54%
山形県 KWNS 川西町
54%
岩手県 KZ 久慈市
54%
青森県 KZMUR 風間浦村
54%
山形県 MKW 三川町
54%
山形県 MMRGW 真室川町
54%
岩手県 MROK 盛岡市
54%
宮城県 MRT 村田町
54%
秋田県 GZyUM 五城目町
50%
青森県 HKUR 深浦町
50%
岩手県 HNMK 花巻市
50%
福島県 HNW 塙町
50%
岩手県 HRIZM 平泉町
50%
青森県 HRKW 平川市
50%
岩手県 HRN 洋野町
50%
青森県 HRNI 平内町
50%
青森県 HTNH 八戸市
50%
秋田県 HtPU 八峰町
50%
山形県 KHK 河北町
50%
岩手県 KNH 九戸村
50%
岩手県 KZMK 葛巻町
50%
宮城県 MNMSnRK 南三陸町
50%
青森県 MSW 三沢市
50%
青森県 MT むつ市
50%
青森県 OIRS おいらせ町
50%
秋田県 OODT 大館市
50%
青森県 SnGU 新郷村
50%
青森県 SnNH 三戸町
50%
青森県 STNH 七戸町
50%
福島県 HNEMT 檜枝岐村
46%
福島県 HRN 広野町
46%
青森県 HRSK 弘前市
46%
青森県 HSKM 階上町
46%
福島県 HTB 双葉町
46%
青森県 HZSK 藤崎町
46%
福島県 KNM 国見町
46%
福島県 KWUT 川内村
46%
山形県 MGM 最上町
46%
福島県 MHR 三春町
46%
山形県 MRYM 村山市
46%
福島県 MTMY 本宮市
46%
宮城県 MTSM 松島町
46%
岩手県 ND 野田村
46%
福島県 NHnMT 二本松市
46%
青森県 NKDMR 中泊町
46%
宮城県 ONGW 女川町
46%
山形県 OOISD 大石田町
46%
岩手県 RKZnTKT 陸前高田市
46%
山形県 SKT 酒田市
46%
秋田県 SnBK 仙北市
46%
宮城県 SnDI 仙台市
46%
福島県 SnT 新地町
46%
山形県 SnZyU 新庄市
46%
宮城県 SOGM 塩竈市
46%
青森県 STGHM 外ヶ浜町
46%
福島県 HRDN 古殿町
42%
福島県 HRT 平田村
42%
福島県 KTSOBR 北塩原村
42%
宮城県 MRMR 丸森町
42%
福島県 MSM 三島町
42%
宮城県 MST 美里町
42%
山形県 NGI 長井市
42%
青森県 NHZ 野辺地町
42%
秋田県 NKH にかほ市
42%
岩手県 NSWG 西和賀町
42%
宮城県 NTR 名取市
42%
秋田県 OG 男鹿市
42%
福島県 ON 小野町
42%
山形県 OOE 大江町
42%
秋田県 OOGT 大潟村
42%
宮城県 OOGWR 大河原町
42%
岩手県 OOHNT 大船渡市
42%
宮城県 OOHR 大衡村
42%
福島県 OOKM 大熊町
42%
山形県 OOKR 大蔵村
42%
青森県 OOM 大間町
42%
宮城県 OOST 大郷町
42%
青森県 RKNH 六戸町
42%
宮城県 SBT 柴田町
42%
山形県 SGE 寒河江市
42%
青森県 SI 佐井村
42%
宮城県 SRIS 白石市
42%
福島県 SRKW 白河市
42%
山形県 SRTK 白鷹町
42%
宮城県 STKSyK 七ヶ宿町
42%
福島県 SUM 相馬市
42%
岩手県 TKZW 滝沢市
42%
青森県 TtK 田子町
42%
青森県 TWD 十和田市
42%
秋田県 YRHnZyU 由利本荘市
42%
山形県 HNGT 舟形町
38%
秋田県 MST 美郷町
38%
秋田県 MTN 三種町
38%
青森県 NnB 南部町
38%
岩手県 NNH 二戸市
38%
山形県 OGN 小国町
38%
宮城県 OOSK 大崎市
38%
岩手県 OOTT 大槌町
38%
岩手県 OUSyU 奥州市
38%
宮城県 RH 利府町
38%
青森県 RtKSy 六ヶ所村
38%
山形県 SKGW 鮭川村
38%
福島県 SMGW 鮫川村
38%
宮城県 STGHM 七ヶ浜町
38%
岩手県 SW 紫波町
38%
山形県 SyUNI 庄内町
38%
福島県 SyUW 昭和村
38%
岩手県 SZKIS 雫石町
38%
福島県 TDM 只見町
38%
青森県 TGR つがる市
38%
宮城県 TGZyU 多賀城市
38%
山形県 TKHT 高畠町
38%
宮城県 TM 登米市
38%
福島県 TMOK 富岡町
38%
福島県 TMR 田村市
38%
山形県 TROK 鶴岡市
38%
青森県 TRT 鶴田町
38%
秋田県 UG 羽後町
38%
宮城県 WTR 亘理町
38%
秋田県 YKT 横手市
38%
岩手県 YMD 山田町
38%
山形県 YMGT 山形市
38%
宮城県 ZOU 蔵王町
38%
岩手県 MYK 宮古市
33%
福島県 NKZM 中島村
33%
福島県 NRH 楢葉町
33%
山形県 NSKW 西川町
33%
青森県 NSMY 西目屋村
33%
福島県 OOTM 大玉村
33%
青森県 OOWN 大鰐町
33%
福島県 SKGW 須賀川市
33%
福島県 SMGU 下郷町
33%
岩手県 SMT 住田町
33%
宮城県 TIW 大和町
33%
福島県 TMKW 玉川村
33%
宮城県 TMY 富谷市
33%
山形県 TnDU 天童市
33%
岩手県 TNHT 田野畑村
33%
岩手県 TON 遠野市
33%
青森県 TUHK 東北町
33%
山形県 TZW 戸沢村
33%
宮城県 WKY 涌谷町
33%
福島県 YBK 矢吹町
33%
岩手県 YHB 矢巾町
33%
青森県 YKHM 横浜町
33%
青森県 YMGT 蓬田村
33%
福島県 YNID 柳津町
33%
秋田県 YZW 湯沢市
33%
山形県 NKYM 中山町
29%
福島県 NME 浪江町
29%
山形県 NnYU 南陽市
29%
福島県 NSAID 西会津町
29%
秋田県 NSR 能代市
29%
山形県 OBNZW 尾花沢市
29%
宮城県 SKM 色麻町
29%
福島県 TnEI 天栄村
29%
福島県 TNGR 棚倉町
29%
福島県 YGW 湯川村
29%
宮城県 YMMT 山元町
29%
山形県 YMNB 山辺町
29%
山形県 YNZW 米沢市
29%
山形県 YZ 遊佐町
29%
福島県 NSGU 西郷村
25%
福島県 YMTR 矢祭町
25%
No matching quizzes found
Score Distribution
Percent of People with Each Score
Percentile by Number Answered
Your Score History
You have not taken this quiz